| 000 | 00819nam a2200229Ia 4500 | ||
|---|---|---|---|
| 003 | OSt | ||
| 005 | 20210210122657.0 | ||
| 008 | 191128t1999 ck aob frl f000 0 spa d | ||
| 020 |
_a9588017416 _qObra completa |
||
| 040 |
_aCO-JMCR _cCO-JMCR |
||
| 041 | 0 | _aspa | |
| 082 | 0 | 4 |
_a693.852 / _bC718n _223 |
| 110 | 1 |
_aColombia. _bMinisterio de Desarrollo Económico _98456 |
|
| 245 | 1 | 0 |
_aNormas colombianas de diseño y construcción sismo-resistente : _bNSR-98 |
| 250 | _aPrimera edición | ||
| 260 |
_aBogotá : _b3R Editores, _c©1999 |
||
| 300 |
_a2 volúmenes : _bilustraciones, gráficos, mapas a blanco y negro ; _c28 cm. |
||
| 490 | 0 | _aTemas jurídicos | |
| 650 | 1 | 4 |
_aConstrucciones antisísmicas _xlegislación _zColombia _913220 |
| 651 | 0 |
_aColombia _vdiseño sismo resistente _xnormas _913221 |
|
| 942 |
_2ddc _cBK |
||
| 999 |
_c6148 _d6148 |
||